Zeitschrift für Philosophie und spekulative Theologie
| Following Title: | Zeitschrift für Philosophie und philosophische Kritik |
|---|---|
| Format: | Print Journal |
| Language: | German |
| Subito Delivery Service: | Order now. |
| Check availability: | HBZ Gateway |
| WorldCat: | WorldCat |
| Interlibrary Loan: | Für eine Fernleihe wählen Sie bitte zuerst einen Band oder Aufsatz aus. |
| Published: |
Bonn [u.a.]
Weber
1837-1846
|
| In: | Year: 1837 |
| Standardized Subjects / Keyword chains: | B
Speculative theology
B Philosophy |
| Further subjects: | B
Theology
B Journal B Philosophy |
| Sammlungen: |
MARC
| LEADER | 00000cas a2200000 c 4500 | ||
|---|---|---|---|
| 001 | 129560839 | ||
| 003 | DE-627 | ||
| 005 | 20241118141309.0 | ||
| 007 | tu | ||
| 008 | 931114d18371846xx z| p| 0 |0ger c | ||
| 016 | 7 | |a 011310006 |2 DE-101 | |
| 016 | 7 | |a 221824-0 |2 DE-600 | |
| 022 | |a 2944-6805 | ||
| 035 | |a (DE-627)129560839 | ||
| 035 | |a (DE-576)015022390 | ||
| 035 | |a (DE-599)ZDB221824-0 | ||
| 035 | |a (OCoLC)1367279382 | ||
| 040 | |a DE-627 |b ger |c DE-627 |e rakwb | ||
| 041 | |a ger | ||
| 044 | |c XA-DXDE | ||
| 082 | 0 | 4 | |a 100 |a 230 |q DE-600 |
| 084 | |a 10 |a 13 |a 100 |2 sdnb | ||
| 084 | |a 1 |a 5,1 |2 ssgn | ||
| 084 | |a CA 1000 |2 rvk |0 (DE-625)rvk/17572: | ||
| 084 | |a 08.00 |2 bkl | ||
| 084 | |a 08.00 |2 bkl | ||
| 222 | 0 | |a Zeitschrift für Philosophie und spekulative Theologie | |
| 245 | 0 | 0 | |a Zeitschrift für Philosophie und spekulative Theologie |
| 247 | 1 | 0 | |a Zeitschrift für Philosophie und speculative Theologie |f Hauptsacht. teils |
| 264 | 3 | 1 | |a Bonn [u.a.] |b Weber |c 1837-1846 |
| 336 | |a Text |b txt |2 rdacontent | ||
| 337 | |a ohne Hilfsmittel zu benutzen |b n |2 rdamedia | ||
| 338 | |a Band |b nc |2 rdacarrier | ||
| 362 | 0 | |a 1.1837 - 16.1846 | |
| 363 | 0 | 0 | |a 1 |i 1837 |
| 363 | 1 | 0 | |i 1846 |a 16 |
| 500 | |a Repr.: Nendeln : Kraus, 1970 | ||
| 515 | |a 5.1840 - 9.1842 = N.F. 1-5 | ||
| 583 | 1 | |a Archivierung/Langzeitarchivierung gewährleistet |c 2020 |f PENW |2 pdager |5 DE-5 | |
| 601 | |a Zeitschrift | ||
| 601 | |a Theologie | ||
| 650 | 4 | |a Philosophie | |
| 650 | 4 | |a Theologie | |
| 655 | 7 | |a Zeitschrift |0 (DE-588)4067488-5 |0 (DE-627)10454466X |0 (DE-576)20917000X |2 gnd-content | |
| 689 | 0 | 0 | |d s |0 (DE-588)4133843-1 |0 (DE-627)105677167 |0 (DE-576)209647280 |2 gnd |a Spekulative Theologie |
| 689 | 0 | |5 DE-101 | |
| 689 | 1 | 0 | |d s |0 (DE-588)4045791-6 |0 (DE-627)106200259 |0 (DE-576)209066873 |2 gnd |a Philosophie |
| 689 | 1 | |5 DE-101 | |
| 785 | 0 | 0 | |i Fortgesetzt durch |t Zeitschrift für Philosophie und philosophische Kritik |d Leipzig : Verlag von Johann Ambrosius Barth, 1847 |w (DE-627)129457523 |w (DE-600)200081-7 |w (DE-576)014820889 |x 2570-4273 |k Non-Electronic |
| 935 | |a mteo |a FRST | ||
| 936 | r | v | |a CA 1000 |b Zeitschriften und Reihenwerke |k Philosophie |k Zeitschriften und Reihenwerke |0 (DE-627)1273507282 |0 (DE-625)rvk/17572: |0 (DE-576)203507282 |
| 936 | b | k | |a 08.00 |
| 936 | b | k | |a 08.00 |j Philosophie: Allgemeines |q ARK |0 (DE-627)106415239 |
| 951 | |a JT | ||
| ELC | |b 1 | ||
| ITA | |a 1 |t 1 | ||
| LOK | |0 000 xxxxxcy a22 3n 4500 | ||
| LOK | |0 001 211402802X | ||
| LOK | |0 003 DE-627 | ||
| LOK | |0 004 129560839 | ||
| LOK | |0 005 20031106000000 | ||
| LOK | |0 008 880928||||||||||||||||ger||||||| | ||
| LOK | |0 035 |a (DE-600)018635873 | ||
| LOK | |0 040 |a DE-21 |c DE-627 |d DE-21 | ||
| LOK | |0 092 |u 050 | ||
| LOK | |0 852 |8 1 | ||
| LOK | |0 852 |a DE-21 | ||
| LOK | |0 852 1 |c Aa 438 |9 00 | ||
| LOK | |0 85900 |8 1.1 |a 1 |i 1837 | ||
| LOK | |0 85910 |8 1.2 |a 16 |i 1846 | ||
| LOK | |0 86630 |a 1.1837 - 16.1846 | ||
| LOK | |0 939 |a 28-09-88 |b z01 | ||
| LOK | |0 000 xxxxxcy a22 3n 4500 | ||
| LOK | |0 001 2114028038 | ||
| LOK | |0 003 DE-627 | ||
| LOK | |0 004 129560839 | ||
| LOK | |0 005 20040123000000 | ||
| LOK | |0 008 910326||||||||||||||||ger||||||| | ||
| LOK | |0 035 |a (DE-600)018635881 | ||
| LOK | |0 040 |a DE-21-35 |c DE-627 |d DE-21-35 | ||
| LOK | |0 852 |8 1 | ||
| LOK | |0 852 |a DE-21-35 | ||
| LOK | |0 852 1 |c Zk 268 |9 00 | ||
| LOK | |0 85900 |8 1.1 |a 13 |i 1844 | ||
| LOK | |0 85910 |8 1.2 |a 16 |i 1846 | ||
| LOK | |0 86630 |a 13.1844 - 16.1846 | ||
| LOK | |0 939 |a 26-03-91 |b z01 | ||
| LOK | |0 000 xxxxxcx a22 zn 4500 | ||
| LOK | |0 001 2114028046 | ||
| LOK | |0 003 DE-627 | ||
| LOK | |0 004 129560839 | ||
| LOK | |0 005 20050915000000 | ||
| LOK | |0 008 910711||||||||||||||||ger||||||| | ||
| LOK | |0 040 |a DE-21-35 |c DE-627 |d DE-21-35 | ||
| LOK | |0 852 |z Bestand: 13.1844 - 16.1846 | ||
| LOK | |0 852 |a DE-21-35 | ||
| LOK | |0 852 1 |c Zk 268 |m p |9 00 | ||
| LOK | |0 938 |k p | ||
| LOK | |0 939 |a 11-07-91 |b l01 | ||
| LOK | |0 000 xxxxxcx a22 zn 4500 | ||
| LOK | |0 001 4348432341 | ||
| LOK | |0 003 DE-627 | ||
| LOK | |0 004 129560839 | ||
| LOK | |0 005 20240919080959 | ||
| LOK | |0 008 230704||||||||||||||||ger||||||| | ||
| LOK | |0 040 |a DE-Tue135 |c DE-627 |d DE-Tue135 | ||
| LOK | |0 092 |o n | ||
| LOK | |0 852 |a DE-Tue135 | ||
| LOK | |0 852 1 |9 00 | ||
| LOK | |0 866 |x SPQUE#Bibliothek der Franckeschen Stiftungen#SPSAM#Tholuck-Bibliothek#SPSYS#thol_systematik_VIII | ||
| LOK | |0 935 |a FRST |a thol | ||
| LOK | |0 939 |a 04-07-23 |b l01 | ||
| ORI | |a SA-MARC-ixtheoa001.raw | ||
| REL | |a 1 | ||
| STA | 0 | 0 | |a Philosophy,Philosophy in literature,Speculative theology,Theology,Theology |
| STB | 0 | 0 | |a Philosophie,Philosophie,Théologie spéculative,Théologie,Théologie |
| STC | 0 | 0 | |a Filosofía,Filosofía,Teología especulativa,Teología,Teología |
| STD | 0 | 0 | |a Filosofia,Filosofia,Teologia speculativa,Teologia,Teologia |
| STE | 0 | 0 | |a 哲学,思辨神学,神学家 |
| STF | 0 | 0 | |a 哲學,思辨神學,神學家 |
| STG | 0 | 0 | |a Filosofia,Filosofia,Teologia especulativa,Teologia,Teologia |
| STH | 0 | 0 | |a Богословие (мотив),Богословие,Спекулятивное богословие,Философия (мотив),Философия |
| STI | 0 | 0 | |a Θεολογία (μοτίβο),Θεολογία,Θεωρητική θεολογία,Υποθετική θεολογία,Φιλοσοφία (μοτίβο),Φιλοσοφία |
| SUB | |a REL | ||
| SYE | 0 | 0 | |a Philosophy,Philosophieren , Christliche Theologie |
| SYG | 0 | 0 | |a Philosophy,Philosophieren |



